[Event "EU-ch Seniors 12th"]
[Site "Kaunas"]
[Date "2012.08.20"]
[Round "3"]
[White "Nilsen, Kai"]
[Black "Johansen, Bjoern Berg"]
[Result "1-0"]
[WhiteElo "1908"]
[BlackElo "1718"]
[PlyCount "80"]
[EventDate "2012.08.18"]
[EventType "swiss"]
[EventRounds "9"]
[EventCountry "LTU"]
[SourceTitle "CBM 150 Extra"]
[Source "ChessBase"]
[SourceDate "2012.10.19"]
[SourceVersion "1"]
[SourceVersionDate "2012.10.19"]
[SourceQuality "1"]

1. e4 e5 2. Nf3 Nc6 3. d4 exd4 4. Bc4 Nf6 5. 0-0 Bc5 6. c3 dxc3 7. e5 d5 8. exf6 dxc4 9. fxg7 Rg8 10. Qe2+ Be6 11. Ng5 Qd3 12. Qxd3 cxd3 13. Nxe6 fxe6 14. Nxc3 0-0-0 15. Bg5 Rd7 16. Ne4 Bd4 17. Bf6 Rf7 18. Bxd4 Nxd4 19. Rad1 Rfxg7 20. g3 Ne2+ 21. Kh1 Rd8 22. Rd2 Rg4 23. f3 Rg7 24. Rfd1 Rgd7 25. Nc5 Rd6 26. Rxd3 Rxd3 27. Rxd3 Nd4 28. Kg2 b6 29. Ne4 c5 30. b3 e5 31. Ng5 Rd7 32. Kf2 b5 33. Rc3 Rd5 34. Nxh7 Ne6 35. Nf6 Rd2+ 36. Ke3 Rxh2 37. Ne4 Nd4 38. Rxc5+ Kb7 39. Rxe5 Nc6 40. Rxb5+ Ka6 1-0

[Event "MVP-ch Seniors op 11th"]
[Site "Binz"]
[Date "2011.12.07"]
[Round "8.26"]
[White "Nilsen, Kai"]
[Black "Pamperin, Gerhard"]
[Result "1/2-1/2"]
[WhiteElo "1890"]
[BlackElo "1812"]
[PlyCount "30"]
[EventDate "2011.11.30"]
[EventType "swiss"]
[EventRounds "9"]
[EventCountry "GER"]
[SourceTitle "EXT 2013"]
[Source "ChessBase"]
[SourceDate "2012.11.22"]
[SourceVersion "1"]
[SourceVersionDate "2012.11.22"]
[SourceQuality "1"]

1. e4 e6 2. d4 d5 3. exd5 exd5 4. Bd3 Nf6 5. Bf4 Bd6 6. Ne2 0-0 7. 0-0 Bg4 8. Bxd6 Qxd6 9. c3 Nbd7 10. Qc2 Bxe2 11. Bxe2 Rfe8 12. Bf3 c6 13. Nd2 Re7 14. Rfe1 Rae8 15. Rxe7 Qxe7 1/2-1/2

[Event "MVP-ch Seniors op 11th"]
[Site "Binz"]
[Date "2011.12.04"]
[Round "5.6"]
[White "Ofstad, Per"]
[Black "Nilsen, Kai"]
[Result "1-0"]
[WhiteElo "2189"]
[BlackElo "1890"]
[PlyCount "49"]
[EventDate "2011.11.30"]
[EventType "swiss"]
[EventRounds "9"]
[EventCountry "GER"]
[SourceTitle "EXT 2013"]
[Source "ChessBase"]
[SourceDate "2012.11.22"]
[SourceVersion "1"]
[SourceVersionDate "2012.11.22"]
[SourceQuality "1"]

1. d4 d5 2. Nf3 Nf6 3. c4 c6 4. e3 e6 5. Nc3 Be7 6. Bd3 0-0 7. b3 Nbd7 8. 0-0 Re8 9. Bb2 dxc4 10. bxc4 c5 11. Qe2 b6 12. Rad1 Qc7 13. Nb5 Qb7 14. Ne5 a6 15. Nc3 Qc7 16. f4 Bb7 17. d5 exd5 18. Nxd5 Bxd5 19. cxd5 Nf8 20. Bxa6 Bd6 21. Bb5 Re7 22. a4 Ng6 23. Qd3 Nxe5 24. fxe5 Bxe5 25. d6 1-0

[Event "MVP-ch Seniors op 11th"]
[Site "Binz"]
[Date "2011.12.03"]
[Round "4.8"]
[White "Nilsen, Kai"]
[Black "Lieb, Harald"]
[Result "1/2-1/2"]
[WhiteElo "1890"]
[BlackElo "2054"]
[PlyCount "41"]
[EventDate "2011.11.30"]
[EventType "swiss"]
[EventRounds "9"]
[EventCountry "GER"]
[SourceTitle "EXT 2013"]
[Source "ChessBase"]
[SourceDate "2012.11.22"]
[SourceVersion "1"]
[SourceVersionDate "2012.11.22"]
[SourceQuality "1"]

1. e4 c5 2. Nf3 Nc6 3. d4 cxd4 4. Nxd4 Nf6 5. Nc3 d6 6. Bg5 e6 7. Qd2 Bd7 8. Be2 a6 9. 0-0 Rc8 10. Rad1 Ne5 11. f4 Ng6 12. f5 Ne5 13. fxe6 fxe6 14. Bh5+ Ng6 15. Bg4 Qb6 16. Bxf6 gxf6 17. Qf2 Be7 18. Bxe6 Bxe6 19. Nxe6 Qxf2+ 20. Rxf2 Kf7 21. Nd4 1/2-1/2

[Event "EU-chT Seniors 12th"]
[Site "Dresden"]
[Date "2010.02.15"]
[Round "6"]
[White "Nilsen, Kai"]
[Black "Poulsen, Helge"]
[Result "0-1"]
[WhiteElo "1864"]
[BlackElo "1891"]
[PlyCount "114"]
[EventDate "2010.02.10"]
[EventType "team-swiss"]
[EventRounds "9"]
[EventCountry "GER"]
[SourceTitle "CBM 134 Extra"]
[Source "ChessBase"]
[SourceDate "2010.03.03"]
[SourceVersion "1"]
[SourceVersionDate "2010.03.03"]
[SourceQuality "1"]
[WhiteTeam "Norway East (Seniors)"]
[BlackTeam "Denmark (Seniors) II"]
[WhiteTeamCountry "NOR"]
[BlackTeamCountry "DEN"]

1. e4 c6 2. d4 d5 3. Nc3 dxe4 4. Nxe4 Bf5 5. Ng3 Bg6 6. Nf3 Nd7 7. h4 h6 8. h5 Bh7 9. Bd3 Bxd3 10. Qxd3 e6 11. c3 Ngf6 12. Be3 Qc7 13. 0-0-0 Bd6 14. Ne2 0-0-0 15. Qc2 Nd5 16. g3 N7f6 17. Rh4 Nxe3 18. fxe3 Bxg3 19. Nxg3 Qxg3 20. Qe2 Qc7 21. Rg1 Rhg8 22. e4 Qe7 23. e5 Nh7 24. Rhg4 f6 25. exf6 Nxf6 26. Rg6 Rd5 27. Ne5 c5 28. Qf2 cxd4 29. cxd4 Nxh5 30. Qf3 Qh4 31. Qf7 Rgd8 32. Qxe6+ Kb8 33. Qg4 Rxd4 34. Qxh4 Rxh4 35. Nf3 Rf4 36. Ne5 Rf5 37. Ng4 Rc5+ 38. Kb1 Rd7 39. a3 Nf4 40. b4 Rcd5 41. Ne3 Nxg6 42. Nxd5 Rxd5 43. Rxg6 Rd7 44. Kc2 Kc8 45. Kc3 Kd8 46. Kc4 Ke8 47. a4 Kf7 48. Rg1 g5 49. Kc5 Kf6 50. a5 h5 51. b5 h4 52. a6 h3 53. axb7 Rxb7 54. Kc6 Rb6+ 55. Kc5 Kf5 56. Ra1 Rb7 57. Kc6 Rh7 0-1

[Event "EU-chT Seniors 12th"]
[Site "Dresden"]
[Date "2010.02.14"]
[Round "5"]
[White "Fritsch, Juergen"]
[Black "Nilsen, Kai"]
[Result "1-0"]
[WhiteElo "1949"]
[BlackElo "1864"]
[PlyCount "65"]
[EventDate "2010.02.10"]
[EventType "team-swiss"]
[EventRounds "9"]
[EventCountry "GER"]
[SourceTitle "CBM 134 Extra"]
[Source "ChessBase"]
[SourceDate "2010.03.03"]
[SourceVersion "1"]
[SourceVersionDate "2010.03.03"]
[SourceQuality "1"]
[WhiteTeam "Niedersachsen (Seniors)"]
[BlackTeam "Norway East (Seniors)"]
[WhiteTeamCountry "GER"]
[BlackTeamCountry "NOR"]

1. d4 Nf6 2. Bg5 d5 3. Bxf6 exf6 4. e3 Be6 5. Bd3 c5 6. c3 c4 7. Bc2 Bd6 8. Nf3 Nd7 9. Nbd2 0-0 10. 0-0 f5 11. Qb1 Qf6 12. g3 h6 13. Nh4 g6 14. f4 Kh8 15. Ndf3 Qg7 16. Ng2 Nf6 17. Ne5 Bxe5 18. dxe5 Ne4 19. Qd1 Rad8 20. Ne1 g5 21. Qe2 g4 22. Rd1 h5 23. Rd4 Qh7 24. Ng2 Qg7 25. Nh4 f6 26. exf6 Rxf6 27. Bxe4 fxe4 28. Rfd1 Qf7 29. Rxe4 Re8 30. Re5 Rd8 31. Qd2 Kg7 32. Qd4 Kh7 33. Rxh5+ 1-0

[Event "EU-chT Seniors 12th"]
[Site "Dresden"]
[Date "2010.02.10"]
[Round "1"]
[White "Nielsen, Poul Erik1111"]
[Black "Nilsen, Kai"]
[Result "0-1"]
[WhiteElo "2114"]
[BlackElo "1864"]
[PlyCount "150"]
[EventDate "2010.02.10"]
[EventType "team-swiss"]
[EventRounds "9"]
[EventCountry "GER"]
[SourceTitle "CBM 134 Extra"]
[Source "ChessBase"]
[SourceDate "2010.03.03"]
[SourceVersion "1"]
[SourceVersionDate "2010.03.03"]
[SourceQuality "1"]
[WhiteTeam "Denmark (Seniors)"]
[BlackTeam "Norway East (Seniors)"]
[WhiteTeamCountry "DEN"]
[BlackTeamCountry "NOR"]

1. c4 Nf6 2. Nf3 c6 3. g3 d5 4. cxd5 cxd5 5. Bg2 e6 6. 0-0 Be7 7. Nc3 0-0 8. d4 Nc6 9. Bf4 a6 10. Rc1 Bd7 11. a3 Rc8 12. Qd3 Nh5 13. Bd2 f5 14. e3 Nf6 15. Rfd1 Ne4 16. Be1 Na5 17. Ne5 Nc4 18. Nxc4 Rxc4 19. f3 Nxc3 20. Bxc3 Rc8 21. Bd2 Bc6 22. Re1 Bf6 23. Qb3 Qd7 24. Bb4 Rfd8 25. Bd2 Ba4 26. Qa2 Rxc1 27. Rxc1 Rc8 28. Bc3 Bc6 29. Rd1 g6 30. Qb1 Kf7 31. Qd3 Bb5 32. Qd2 Bc6 33. Re1 Re8 34. Qf2 Kg7 35. h3 Qf7 36. Bf1 h5 37. Bb4 Be7 38. Ba5 Bd8 39. Bc3 Bf6 40. Rc1 Qd7 41. Bd3 Rf8 42. Bb4 Re8 43. Qd2 e5 44. dxe5 Bxe5 45. f4 Bf6 46. Bf1 d4 47. Rd1 Qd5 48. Qg2 Qxg2+ 49. Bxg2 Bxg2 50. Kxg2 dxe3 51. Rd7+ Kg8 52. Kf1 Bxb2 53. Rxb7 e2+ 54. Ke1 Re3 55. Bd2 Bc3 56. Bxc3 Rxc3 57. Rb6 Kg7 58. Rxa6 Rxg3 59. Kxe2 Rxh3 60. Ra7+ Kh6 61. a4 h4 62. a5 Ra3 63. a6 Kh5 64. Rh7+ Kg4 65. a7 h3 66. Rh6 Kxf4 67. Rxg6 Rxa7 68. Rh6 Ra2+ 69. Kf1 h2 70. Rh8 h1Q+ 71. Rxh1 Ra1+ 72. Kg2 Rxh1 73. Kxh1 Ke3 74. Kg2 f4 75. Kf1 Kf3 0-1

[Event "EU-chT Seniors 11th"]
[Site "Velden"]
[Date "2009.04.12"]
[Round "8"]
[White "Nilsen, Kai"]
[Black "Kalmutzki, Manfred"]
[Result "1/2-1/2"]
[WhiteElo "1877"]
[BlackElo "1975"]
[PlyCount "28"]
[EventDate "2009.04.05"]
[EventType "team-swiss"]
[EventRounds "9"]
[EventCountry "AUT"]
[SourceTitle "CBM 129 Extra"]
[Source "ChessBase"]
[SourceDate "2009.05.05"]
[SourceVersion "2"]
[SourceVersionDate "2009.05.20"]
[SourceQuality "1"]

1. e4 c5 2. Nf3 e6 3. d4 cxd4 4. Nxd4 Nf6 5. Nc3 d6 6. Bg5 Be7 7. Qd2 a6 8. 0-0-0 b5 9. a3 Bb7 10. f3 Qc7 11. Nb3 Nbd7 12. Be2 0-0 13. Kb1 Rfd8 14. Rde1 Rac8 1/2-1/2

[Event "EU-chT Seniors 11th"]
[Site "Velden"]
[Date "2009.04.08"]
[Round "4"]
[White "Melcher, Jakob"]
[Black "Nilsen, Kai"]
[Result "1-0"]
[WhiteElo "1898"]
[BlackElo "1877"]
[PlyCount "35"]
[EventDate "2009.04.05"]
[EventType "team-swiss"]
[EventRounds "9"]
[EventCountry "AUT"]
[SourceTitle "CBM 129 Extra"]
[Source "ChessBase"]
[SourceDate "2009.05.05"]
[SourceVersion "2"]
[SourceVersionDate "2009.05.20"]
[SourceQuality "1"]

1. e4 e5 2. Nf3 Nc6 3. d4 exd4 4. Nxd4 Qf6 5. Nxc6 Qxc6 6. Bd3 Nf6 7. 0-0 Be7 8. Nc3 0-0 9. e5 Ne8 10. Nd5 Bd8 11. Be4 Qe6 12. Re1 d6 13. exd6 Qxd6 14. Bf4 Qd7 15. Re3 f5 16. Bd3 Bf6 17. Bxf5 g5 18. Be5 1-0

[Event "EU-chT Seniors 11th"]
[Site "Velden"]
[Date "2009.04.05"]
[Round "1"]
[White "Nilsen, Kai"]
[Black "Siegmund, Rainer"]
[Result "0-1"]
[WhiteElo "1877"]
[BlackElo "2140"]
[PlyCount "46"]
[EventDate "2009.04.05"]
[EventType "team-swiss"]
[EventRounds "9"]
[EventCountry "AUT"]
[SourceTitle "CBM 129 Extra"]
[Source "ChessBase"]
[SourceDate "2009.05.05"]
[SourceVersion "2"]
[SourceVersionDate "2009.05.20"]
[SourceQuality "1"]

1. e4 c5 2. Nf3 Nc6 3. d4 cxd4 4. Nxd4 Nf6 5. Nc3 e5 6. Ndb5 d6 7. Bg5 a6 8. Na3 b5 9. Nd5 Be7 10. Bxf6 Bxf6 11. Nxf6+ Qxf6 12. Qd5 Bb7 13. f3 0-0 14. Rd1 Rfd8 15. Qd2 Nd4 16. c3 Ne6 17. Qf2 d5 18. exd5 Bxd5 19. c4 bxc4 20. Bxc4 Bxc4 21. Rxd8+ Qxd8 22. Nxc4 Qd3 23. Nd2 Rc8 0-1

[Event "Politiken Cup 30th"]
[Site "Helsingor"]
[Date "2008.07.20"]
[Round "3"]
[White "Schou Moldt, Thomas"]
[Black "Nilsen, Kai"]
[Result "1-0"]
[WhiteElo "2136"]
[BlackElo "1914"]
[PlyCount "151"]
[EventDate "2008.07.19"]
[EventType "swiss"]
[EventRounds "10"]
[EventCountry "DEN"]
[SourceTitle "CBM 125 Extra"]
[Source "ChessBase"]
[SourceDate "2008.09.01"]
[SourceVersion "1"]
[SourceVersionDate "2008.09.01"]
[SourceQuality "1"]

1. e4 e5 2. Nf3 Nc6 3. Bb5 a6 4. Bxc6 dxc6 5. 0-0 Bd6 6. h3 c5 7. c3 b6 8. d4 exd4 9. cxd4 Be7 10. Be3 Bb7 11. dxc5 Qxd1 12. Rxd1 bxc5 13. Nc3 Nf6 14. Nd2 Rd8 15. f3 Bc6 16. Nb3 Nd7 17. Na5 Nb8 18. Nxc6 Nxc6 19. Nd5 Bd6 20. Rac1 Nb4 21. Bxc5 Nxd5 22. Rxd5 Ke7 23. Bxd6+ cxd6 24. Rc6 Rd7 25. e5 dxe5 26. Rxe5+ Kd8 27. Rxa6 Kc7 28. Rc5+ Kb7 29. Ra3 Rd6 30. Rb3+ Rb6 31. Rxb6+ Kxb6 32. Re5 f6 33. Re7 Rg8 34. Kf2 h5 35. h4 Kc6 36. Ke3 Kd6 37. Re4 g5 38. a4 gxh4 39. Kf2 Rc8 40. Rxh4 Rc2+ 41. Kg3 Rxb2 42. Rxh5 Ra2 43. Ra5 Ke6 44. Kh3 Kf7 45. g4 Kg6 46. Kg3 Rb2 47. Ra6 Rb3 48. Ra7 Kg5 49. Ra8 Ra3 50. a5 Kg6 51. a6 Kg7 52. Kf4 Ra4+ 53. Kf5 Ra5+ 54. Kf4 Ra4+ 55. Ke3 Ra3+ 56. Ke4 Ra5 57. f4 Ra4+ 58. Kf3 Kh7 59. f5 Kg7 60. Kg3 Ra3+ 61. Kh4 Ra1 62. a7 Rh1+ 63. Kg3 Ra1 64. g5 Ra3+ 65. Kf2 Ra2+ 66. Ke3 Ra3+ 67. Kd2 Ra2+ 68. Kc3 fxg5 69. f6+ Kxf6 70. Rf8+ Ke5 71. a8Q Rxa8 72. Rxa8 Kf4 73. Kd2 Kg3 74. Ke2 g4 75. Rg8 Kh3 76. Kf1 1-0

[Event "EU-chT Seniors 10th"]
[Site "Dresden"]
[Date "2008.02.18"]
[Round "8.3"]
[White "Nilsen, Kai"]
[Black "Borwell, Alan Peter"]
[Result "1/2-1/2"]
[WhiteElo "1947"]
[BlackElo "1849"]
[PlyCount "30"]
[EventDate "2008.02.11"]
[EventType "team-swiss"]
[EventRounds "9"]
[EventCountry "GER"]
[SourceTitle "CBM 122 Extra"]
[Source "ChessBase"]
[SourceDate "2008.03.04"]
[SourceVersion "1"]
[SourceVersionDate "2008.03.04"]
[SourceQuality "1"]
[WhiteTeam "Mecklenburg Vorpommern"]
[BlackTeam "Scotland"]
[WhiteTeamCountry "GER"]
[BlackTeamCountry "SCO"]

1. e4 c5 2. Nf3 a6 3. d4 cxd4 4. Nxd4 Nf6 5. Nc3 e5 6. Nb3 Bb4 7. Bd3 d5 8. exd5 e4 9. Be2 0-0 10. Bg5 Bxc3+ 11. bxc3 Qxd5 12. Bxf6 Qxd1+ 13. Rxd1 gxf6 14. Nd4 Nd7 15. 0-0 Ne5 1/2-1/2

[Event "EU-chT Seniors 10th"]
[Site "Dresden"]
[Date "2008.02.15"]
[Round "5.3"]
[White "Perk, Egbert"]
[Black "Nilsen, Kai"]
[Result "1-0"]
[WhiteElo "2011"]
[BlackElo "1947"]
[PlyCount "93"]
[EventDate "2008.02.11"]
[EventType "team-swiss"]
[EventRounds "9"]
[EventCountry "GER"]
[SourceTitle "CBM 122 Extra"]
[Source "ChessBase"]
[SourceDate "2008.03.04"]
[SourceVersion "1"]
[SourceVersionDate "2008.03.04"]
[SourceQuality "1"]
[WhiteTeam "Widukind"]
[BlackTeam "Mecklenburg Vorpommern"]
[WhiteTeamCountry "GER"]
[BlackTeamCountry "GER"]

1. d4 Nf6 2. c4 e5 3. dxe5 Ng4 4. Nf3 Nc6 5. e3 Bb4+ 6. Bd2 Bxd2+ 7. Qxd2 Ncxe5 8. Nxe5 Nxe5 9. Be2 d6 10. 0-0 Be6 11. b3 0-0 12. Nc3 a6 13. f4 Nc6 14. f5 Bd7 15. f6 gxf6 16. e4 f5 17. Qh6 Kh8 18. Nd5 f6 19. exf5 Rf7 20. Bh5 Qf8 21. Qxf8+ Rfxf8 22. Nxc7 Rac8 23. Nd5 Be8 24. Bxe8 Rcxe8 25. Rad1 Re2 26. Rf2 Rxf2 27. Kxf2 Kg7 28. Nc7 Kf7 29. Rxd6 Rd8 30. Rxd8 Nxd8 31. Nd5 h6 32. h3 h5 33. Nf4 b5 34. a4 Nc6 35. Nxh5 Na5 36. Ng3 Nxb3 37. Ne4 Ke7 38. g4 Na5 39. Nc5 Kd6 40. Ne4+ Ke5 41. h4 Nc6 42. h5 Nd8 43. h6 Nf7 44. h7 Nh8 45. Ke3 Nf7 46. Nc3 Kd6 47. Kd4 1-0

[Event "EU-chT Seniors 10th"]
[Site "Dresden"]
[Date "2008.02.13"]
[Round "3.3"]
[White "Lauterbach, Eberhard"]
[Black "Nilsen, Kai"]
[Result "1/2-1/2"]
[WhiteElo "1735"]
[BlackElo "1947"]
[PlyCount "68"]
[EventDate "2008.02.11"]
[EventType "team-swiss"]
[EventRounds "9"]
[EventCountry "GER"]
[SourceTitle "CBM 122 Extra"]
[Source "ChessBase"]
[SourceDate "2008.03.04"]
[SourceVersion "1"]
[SourceVersionDate "2008.03.04"]
[SourceQuality "1"]
[WhiteTeam "Heidenau"]
[BlackTeam "Mecklenburg Vorpommern"]
[WhiteTeamCountry "GER"]
[BlackTeamCountry "GER"]

1. d4 Nf6 2. c4 e5 3. dxe5 Ng4 4. Nf3 Nc6 5. e3 Bb4+ 6. Bd2 Qe7 7. a3 Bxd2+ 8. Qxd2 Ngxe5 9. Be2 d6 10. Nc3 Be6 11. b3 0-0 12. 0-0 Rad8 13. Rfd1 a6 14. Nd5 Bxd5 15. cxd5 Nxf3+ 16. Bxf3 Ne5 17. Be2 f5 18. Rac1 Rd7 19. Qd4 Ng6 20. g3 f4 21. Bg4 Ne5 22. Be6+ Kh8 23. Kg2 f3+ 24. Kh1 Rdd8 25. h3 c6 26. Qb6 c5 27. Qa5 Rf6 28. Qd2 Rh6 29. Kh2 g5 30. Rh1 g4 31. h4 b5 32. e4 Qg7 33. Qc3 Rf8 34. Kg1 Rhf6 1/2-1/2

[Event "EU-chT Seniors 10th"]
[Site "Dresden"]
[Date "2008.02.12"]
[Round "2.3"]
[White "Nilsen, Kai"]
[Black "MacDonald Ross, Stephen"]
[Result "0-1"]
[WhiteElo "1947"]
[BlackElo "2053"]
[PlyCount "72"]
[EventDate "2008.02.11"]
[EventType "team-swiss"]
[EventRounds "9"]
[EventCountry "GER"]
[SourceTitle "CBM 122 Extra"]
[Source "ChessBase"]
[SourceDate "2008.03.04"]
[SourceVersion "1"]
[SourceVersionDate "2008.03.04"]
[SourceQuality "1"]
[WhiteTeam "Mecklenburg Vorpommern"]
[BlackTeam "England III"]
[WhiteTeamCountry "GER"]
[BlackTeamCountry "ENG"]

1. e4 c5 2. Nf3 Nc6 3. d4 cxd4 4. Nxd4 Nf6 5. Nc3 d6 6. Be2 e5 7. Nb3 Be7 8. Be3 0-0 9. Qd2 a5 10. Rd1 Be6 11. f3 a4 12. Nc1 Qa5 13. Nb5 d5 14. Qxa5 Rxa5 15. Bd2 Nb4 16. 0-0 Raa8 17. Bxb4 Bxb4 18. Nd3 Ba5 19. Nxe5 dxe4 20. fxe4 Bb6+ 21. Nd4 Rfd8 22. c3 Bxa2 23. Bf3 Bb3 24. Rd2 Nd7 25. Nd3 Bc4 26. Kh1 Ne5 27. Be2 a3 28. bxa3 Rxa3 29. Nf4 Rc8 30. Bxc4 Rxc4 31. Nb5 Rb3 32. Ra1 g6 33. Na3 Ra4 34. Nd3 Rbxa3 35. Re1 Rxc3 36. Rf2 Rxd3 0-1

[Event "EU-chT Seniors 09th"]
[Site "Dresden"]
[Date "2007.02.23"]
[Round "8"]
[White "Kuehn, Peter1111"]
[Black "Nilsen, Kai"]
[Result "1-0"]
[WhiteElo "2020"]
[BlackElo "1516"]
[PlyCount "55"]
[EventDate "2007.02.16"]
[EventType "team-swiss"]
[EventRounds "9"]
[EventCountry "GER"]
[SourceTitle "CBM 117 Extra"]
[Source "ChessBase"]
[SourceDate "2007.05.09"]
[SourceVersion "1"]
[SourceVersionDate "2007.05.09"]
[SourceQuality "1"]

1. e4 e5 2. Nf3 Nc6 3. d4 exd4 4. Nxd4 Qf6 5. Be3 Bc5 6. c3 Nge7 7. Bc4 Ne5 8. Be2 Qg6 9. 0-0 d6 10. Bh5 Qxe4 11. Nd2 Qh4 12. Nb5 Bg4 13. Bxg4 Bxe3 14. fxe3 Nxg4 15. Nf3 Qh6 16. Nxc7+ Kd7 17. Nxa8 Qxe3+ 18. Kh1 Nf2+ 19. Rxf2 Qxf2 20. Qa4+ Kc8 21. Qc4+ Kb8 22. Qc7+ Kxa8 23. Qxe7 Qxb2 24. Re1 Qxc3 25. Qxd6 g5 26. Qd7 h5 27. Re7 Qa1+ 28. Ng1 1-0

[Event "EU-chT Seniors 09th"]
[Site "Dresden"]
[Date "2007.02.22"]
[Round "7"]
[White "Seifert, Klaus"]
[Black "Nilsen, Kai"]
[Result "0-1"]
[WhiteElo "1945"]
[BlackElo "1516"]
[PlyCount "122"]
[EventDate "2007.02.16"]
[EventType "team-swiss"]
[EventRounds "9"]
[EventCountry "GER"]
[SourceTitle "CBM 117 Extra"]
[Source "ChessBase"]
[SourceDate "2007.05.09"]
[SourceVersion "1"]
[SourceVersionDate "2007.05.09"]
[SourceQuality "1"]

1. e4 e5 2. Nf3 Nc6 3. d4 exd4 4. Nxd4 Nxd4 5. Qxd4 d6 6. Nc3 Nf6 7. Bf4 Be7 8. Bb5+ Bd7 9. Bxd7+ Qxd7 10. 0-0-0 Qg4 11. e5 dxe5 12. Qxe5 0-0 13. Qxe7 Qxf4+ 14. Qe3 Qxe3+ 15. fxe3 Rad8 16. Nb5 c6 17. Nd6 Rd7 18. c4 b6 19. Rd2 Re7 20. e4 Re6 21. Re1 Rd8 22. Red1 Kf8 23. h3 Ne8 24. Nf5 Rxd2 25. Rxd2 g6 26. Ng3 Nd6 27. b3 Nxe4 28. Nxe4 Rxe4 29. Rd7 Re7 30. Rd8+ Kg7 31. Kd2 h5 32. h4 c5 33. Rd6 Re4 34. g3 Rg4 35. Rd3 Kh6 36. Ke2 f5 37. Kf2 f4 38. gxf4 Rxf4+ 39. Kg3 Rg4+ 40. Kf3 Rxh4 41. Rd7 Rd4 42. Rxa7 g5 43. Ra6 Rd6 44. a4 Rd3+ 45. Kg2 Rxb3 46. a5 Ra3 47. Rxb6+ Kg7 48. Rb5 Ra2+ 49. Kg1 Ra1+ 50. Kg2 Ra2+ 51. Kg1 h4 52. Rxc5 Kg6 53. Rc6+ Kh5 54. Ra6 h3 55. Ra8 Kh4 56. a6 Kg4 57. a7 Ra1+ 58. Kf2 h2 59. Rh8 h1Q 60. Rxh1 Rxh1 61. Ke2 Ra1 0-1

[Event "EU-chT Seniors 09th"]
[Site "Dresden"]
[Date "2007.02.19"]
[Round "4"]
[White "Nilsen, Kai"]
[Black "Langmann, Claus"]
[Result "1/2-1/2"]
[WhiteElo "1516"]
[BlackElo "1987"]
[PlyCount "64"]
[EventDate "2007.02.16"]
[EventType "team-swiss"]
[EventRounds "9"]
[EventCountry "GER"]
[SourceTitle "CBM 117 Extra"]
[Source "ChessBase"]
[SourceDate "2007.05.09"]
[SourceVersion "1"]
[SourceVersionDate "2007.05.09"]
[SourceQuality "1"]

1. e4 c5 2. Nf3 Nc6 3. d4 cxd4 4. Nxd4 Nf6 5. Nc3 e5 6. Ndb5 d6 7. Bg5 a6 8. Na3 b5 9. Nd5 Be7 10. Bxf6 Bxf6 11. c3 0-0 12. Be2 Rb8 13. Nc2 Bg5 14. 0-0 Ne7 15. Ncb4 Nxd5 16. exd5 Rb6 17. a4 Bd7 18. a5 Rb8 19. Nxa6 Ra8 20. Nb4 Rxa5 21. Qb3 Ra4 22. Nc6 Qe8 23. Rxa4 bxa4 24. Qb4 Bxc6 25. dxc6 Qxc6 26. Bb5 Qb6 27. Bxa4 Qxb4 28. cxb4 Rb8 29. b5 Kf8 30. Rd1 Ke7 31. Rd3 Rb6 32. Rc3 Kd7 1/2-1/2

[Event "EU-chT Seniors 09th"]
[Site "Dresden"]
[Date "2007.02.16"]
[Round "1"]
[White "Reinholz, Siegfried"]
[Black "Nilsen, Kai"]
[Result "1-0"]
[WhiteElo "2079"]
[BlackElo "1516"]
[PlyCount "113"]
[EventDate "2007.02.16"]
[EventType "team-swiss"]
[EventRounds "9"]
[EventCountry "GER"]
[SourceTitle "CBM 117 Extra"]
[Source "ChessBase"]
[SourceDate "2007.05.09"]
[SourceVersion "1"]
[SourceVersionDate "2007.05.09"]
[SourceQuality "1"]

1. e4 e5 2. Nf3 Nc6 3. Bb5 a6 4. Bxc6 dxc6 5. 0-0 Bg4 6. d3 Bc5 7. Nbd2 f6 8. Nb3 Ba7 9. Be3 Bxe3 10. fxe3 Qe7 11. Qe1 c5 12. Nbd2 Nh6 13. h3 Be6 14. Qh4 0-0-0 15. Nxe5 Qf8 16. g4 Qd6 17. Nec4 Qd7 18. a4 Nf7 19. Nf3 h5 20. g5 Bxh3 21. Rf2 Qg4+ 22. Kh2 Qxh4 23. Nxh4 Nxg5 24. Nf5 Bxf5 25. exf5 Rhe8 26. e4 h4 27. a5 h3 28. Rg1 Re7 29. Ne3 c6 30. Nc4 Kc7 31. Rxg5 fxg5 32. Kxh3 Rf8 33. Kg4 Rfe8 34. Kxg5 Kd7 35. Rh2 Kc7 36. Rh7 Kd7 37. Kg6 Rg8 38. e5 Ke8 39. e6 Kd8 40. Ne5 Ke8 41. Nf7 Kf8 42. Ne5 Ke8 43. Nd7 Kd8 44. Nxc5 Ke8 45. Nd7 Kd8 46. Ne5 Ke8 47. Nf7 Kf8 48. Rh4 Rc7 49. Rd4 Ke7 50. Kh7 Rcc8 51. Kg6 Rc7 52. c4 Rb8 53. Kxg7 c5 54. Re4 Rc6 55. f6+ Ke8 56. Nh6 Kd8 57. e7+ 1-0

[Event "Fredrikstad CC-ch"]
[Site "Fredrikstad"]
[Date "2003.04.16"]
[Round "9"]
[White "Nilsen, Kai"]
[Black "Saether, Steinar"]
[Result "1-0"]
[WhiteElo "1508"]
[BlackElo "1553"]
[PlyCount "57"]
[EventDate "2003.01.??"]
[EventType "swiss"]
[EventRounds "11"]
[EventCountry "NOR"]
[SourceTitle "EXT 2005"]
[Source "ChessBase"]
[SourceDate "2004.11.15"]
[SourceVersion "1"]
[SourceVersionDate "2004.11.15"]
[SourceQuality "1"]

1. e4 d5 2. exd5 Nf6 3. d4 Nxd5 4. c3 e6 5. Bd3 c5 6. Nf3 Nc6 7. dxc5 Bxc5 8. 0-0 Qc7 9. a3 a5 10. Re1 b6 11. Bc4 Nde7 12. Nbd2 Bb7 13. Ne4 Rd8 14. Qc2 Ne5 15. Bb5+ N7c6 16. Nxe5 Qxe5 17. Bg5 Qf5 18. Bxd8 Kxd8 19. Qd2+ Kc7 20. Nxc5 bxc5 21. Qe3 Kb6 22. Bd3 Qf6 23. b4 Qxc3 24. bxc5+ Kc7 25. Be4 Qf6 26. Rab1 Rd8 27. Qg3+ e5 28. Bxc6 Kxc6 29. Rb6+ 1-0

[Event "Fredrikstad CC-ch"]
[Site "Fredrikstad"]
[Date "2003.01.22"]
[Round "2"]
[White "Boe, Timmy"]
[Black "Nilsen, Kai"]
[Result "1-0"]
[WhiteElo "1544"]
[BlackElo "1508"]
[PlyCount "55"]
[EventDate "2003.01.??"]
[EventType "swiss"]
[EventRounds "11"]
[EventCountry "NOR"]
[SourceTitle "EXT 2005"]
[Source "ChessBase"]
[SourceDate "2004.11.15"]
[SourceVersion "1"]
[SourceVersionDate "2004.11.15"]
[SourceQuality "1"]

1. e4 e5 2. f4 Qf6 3. Nf3 Qxf4 4. Nc3 Bb4 5. d3 Qg4 6. Be3 d6 7. Qd2 Ne7 8. Be2 Qh5 9. 0-0-0 f6 10. d4 exd4 11. Qxd4 Bc5 12. Qd2 a6 13. Nd5 Nxd5 14. Bxc5 dxc5 15. Bc4 0-0 16. exd5 b5 17. Bd3 c4 18. Be2 Qh6 19. Qxh6 gxh6 20. Nd4 Re8 21. Bf3 Bb7 22. Ne6 Rc8 23. Rhe1 Nd7 24. Bh5 Nb6 25. Nd4 Bxd5 26. Nf5 Rd8 27. Re7 Rd7 28. Rxd7 1-0